大門駅・浜松町駅から出ている行き先 - Statistics

General Stats
  • This quiz has been taken 163 times
  • The average score is 42 of 61
Answer Stats
行き先 % Correct
品川
96%
品川
96%
成田空港
93%
押上
92%
三崎口
90%
青砥
89%
泉岳寺
89%
西馬込
88%
都庁前
87%
都庁前
87%
光が丘
87%
京成高砂
86%
大宮
86%
大船
86%
京急久里浜
85%
大崎
85%
印旛日本医大
84%
上野
83%
池袋
83%
桜木町
83%
蒲田
82%
赤羽
81%
鶴見
81%
芝山千代田
80%
羽田空港第1・第2ターミナル
80%
南浦和
80%
東神奈川
80%
京成成田
79%
金沢文庫
79%
磯子
79%
三浦海岸
77%
羽田空港第2ターミナル
74%
岡山
73%
京成佐倉
72%
神奈川新町
72%
印西牧の原
71%
岡崎
71%
姫路
67%
清澄白河
66%
高蔵寺
65%
三原
65%
播州赤穂
64%
福山
64%
宗吾参道
61%
相生
60%
昭和島
58%
瀬戸
56%
汐留
54%
糸崎
53%
新豊田
50%
新御徒町
47%
西大寺
39%
瀬戸口
37%
和気
37%
三石
34%
備前片上
32%
北野桝塚
31%
長船
31%
日生
29%
吉永
29%
府中
27%
No matching quizzes found
Score Distribution
Percent of People with Each Score
Percentile by Number Answered
Your Score History
You have not taken this quiz